000 01845nam a2200133Ia 4500
008 220620s9999||||xx |||||||||||||| ||und||
020 _a9783040000000
245 0 _aNew Trends in Sport and Exercise Medicine
546 _aEnglish[eng]
650 _arehabilitation||compliance||anterior cruciate ligament reconstruction (ACLR)||range of motion (ROM)||self-efficacy||behavioral design||gamification||microparticles||microvesicles||extracellular vesicles||molecular markers||cell–cell communication||physical exercise||physical activity||angiogenesis||secretome||paracrine signaling||cellular crosstalk||ginseng||performance||recovery||eccentric exercise||inflammation||allometry||standing broad jump||children||growth||maturity offset||bench pull||vertical jump||power||talent detection||training||insertional Achilles tendinopathy||Achilles tendon moment arm||suture bridge method||cool-down strategy||heart rate||fatigue perception||muscle strain||quadriceps||football||invasive physiotherapy||post-injury performance||reinjury||return to play||autonomic nervous system||cardiac autonomic regulation||cardiorespiratory fitness||daily training||endurance||secreted protein acidic and rich in cysteine (Sparc)||exercise||muscle performance||metabolic phenotype||lactate||ageing||high-impact weight-bearing exercise||bone mineral density||bone metabolic markers||serum 25-(OH) D||middle-aged premenopausal women||ROS||signal transduction||aging||air pollution||lungs||skeletal muscle mass||muscular strength||anaerobic power||arterial stiffness||cholinesterases||heart rate variability||autonomic recovery mechanisms||sympathetic–parasympathetic modulation||postexercise recovery||ceramides||cytokines||diacylglycerol||biomarkers||n/a
700 _aGalli, Daniela
856 _uhttps://mdpi.com/books/pdfview/book/4625
942 _cEB
999 _c22734
_d22734